000 00598nam a2200193 4500
003 OSt
005 20221121120222.0
008 221117b |||||||| |||| 00| 0 eng d
040 _cBiblioteca Lado V
082 _a700.74
_bB419e
100 _9485
_aBehm, Meike
_eeditor
245 _aEuropean Biennial of Contemporary Art/
260 _c2002
_bManifiesta 4
_aFrankfurt, Alemania
300 _a255p.
_c22x30cm
700 _aGarcia Calderon, Victorino
_eautor
700 _aDiez, Victor M.
_eautor
700 _aAngel Ramos, Miguel
_eautor
942 _2ddc
_c1
_iB419e
_h700.74
_n0
999 _c2713
_d2713